[Event "DRUGA LIGA SRBIJE-GRUPA VOJVODINA 2018"]
[Site "Novi Sad"]
[Date "2018.11.13"]
[Round "7"]
[Board "1"]
[White "Czebe, Attila"]
[Black "Nikolovski, Nikola"]
[Result "1/2-1/2"]
[WhiteElo "2401"]
[BlackElo "2380"]
[PlyCount "63"]
[EventDate "2018.11.09"]
[EventType "team"]
[EventRounds "11"]
[EventCountry "SRB"]
[WhiteTeam "SOMBORSKI S.K.-SOMBOR"]
[BlackTeam "Š.K. BATA  COSIC-OPOVO"]

1. d4 e6 2. g3 f5 3. Bg2 Nf6 4. Nh3 Be7 5. c4 O-O 6. O-O d6 7. Nc3 e5 8. dxe5
dxe5 9. Qxd8 Bxd8 10. b3 c6 11. Ba3 Re8 12. e4 h6 13. exf5 Bxf5 14. f3 Nbd7 15.
Nf2 Bb6 16. Rad1 a5 17. Kh1 Nc5 18. Bc1 Ne6 19. Rde1 Nd4 20. Nfe4 Nxe4 21. Nxe4
Re6 22. c5 Bc7 23. Bb2 a4 24. g4 Bh7 25. Nd6 Bxd6 26. cxd6 Rxd6 27. Rxe5 axb3
28. axb3 Ra2 29. Bxd4 Rxd4 30. Re8+ Kf7 31. Rfe1 Rdd2 32. R8e7+  1/2-1/2

[Event "DRUGA LIGA SRBIJE-GRUPA VOJVODINA 2018"]
[Site "Novi Sad"]
[Date "2018.11.13"]
[Round "7"]
[Board "2"]
[White "Milojevic, Dusan"]
[Black "Gajcin, Marina"]
[Result "0-1"]
[WhiteElo "2287"]
[BlackElo "2161"]
[PlyCount "116"]
[EventDate "2018.11.09"]
[EventType "team"]
[EventRounds "11"]
[EventCountry "SRB"]
[WhiteTeam "Š.K. BATA  COSIC-OPOVO"]
[BlackTeam "SOMBORSKI S.K.-SOMBOR"]

1. d4 Nf6 2. c4 g6 3. Nc3 d5 4. Bg5 Bg7 5. Nf3 Ne4 6. Be3 Nxc3 7. bxc3 dxc4 8.
Qa4+ c6 9. Qxc4 Nd7 10. Bd2 O-O 11. h4 Nf6 12. e3 Be6 13. Qa4 c5 14. h5 cxd4
15. cxd4 Qd5 16. hxg6 hxg6 17. Qb5 Rfc8 18. Qxd5 Bxd5 19. Bd3 Ne4 20. Bb4 Rc7
21. O-O Rac8 22. a4 Bf8 23. Ba5 b6 24. Bb4 a5 25. Ba3 Nc3 26. Bb2 e6 27. Ne5
Kg7 28. Bxc3 Rxc3 29. Bb5 Be7 30. Rfb1 Be4 31. Re1 f6 32. Nf3 Kf7 33. Nd2 Bb7
34. Be2 Rc2 35. Bf3 Ba6 36. Nf1 Bb4 37. Red1 Bc3 38. Rab1 Bb4 39. e4 Ra2 40.
Ne3 Rxa4 41. e5 fxe5 42. dxe5 Ke7 43. Rd4 Ra2 44. Rh4 Rf8 45. Rd1 Rd2 46. Rc1
Bc5 47. Ng4 Rf7 48. Rh8 Rf8 49. Rh6 Bd3 50. Nf6 Bxf2+ 51. Kh1 Bc5 52. Bc6 g5
53. Nd7 Rc8 54. Ba4 Be4 55. Nxb6 Bxg2+ 56. Kh2 Bb7+ 57. Kg3 Bxb6 58. Rh7+ Kd8
 0-1

[Event "DRUGA LIGA SRBIJE-GRUPA VOJVODINA 2018"]
[Site "Novi Sad"]
[Date "2018.11.13"]
[Round "7"]
[Board "3"]
[White "Bulajic, Ratko"]
[Black "Jovanovski, Slobodan"]
[Result "1-0"]
[WhiteElo "2316"]
[BlackElo "2330"]
[PlyCount "53"]
[EventDate "2018.11.09"]
[EventType "team"]
[EventRounds "11"]
[EventCountry "SRB"]
[WhiteTeam "SOMBORSKI S.K.-SOMBOR"]
[BlackTeam "Š.K. BATA  COSIC-OPOVO"]

1. d4 Nf6 2. c4 c5 3. d5 e6 4. Nc3 exd5 5. cxd5 d6 6. Nf3 g6 7. g3 Bg7 8. Bg2
O-O 9. O-O a6 10. a4 Nbd7 11. Nd2 Re8 12. Nc4 Ne5 13. Na3 Rb8 14. h3 Qc7 15. f4
Ned7 16. e4 c4 17. Kh2 Qc5 18. Re1 b5 19. axb5 axb5 20. Be3 Qb4 21. Qc1 Qb3 22.
Nab1 Nc5 23. Bxc5 dxc5 24. Ra3 Qb4 25. e5 Bxh3 26. Kxh3 Nh5 27. Na2  1-0

[Event "DRUGA LIGA SRBIJE-GRUPA VOJVODINA 2018"]
[Site "Novi Sad"]
[Date "2018.11.13"]
[Round "7"]
[Board "4"]
[White "Kosanovic, Dragan"]
[Black "Tancik, Kristijan"]
[Result "1-0"]
[WhiteElo "2329"]
[BlackElo "2223"]
[PlyCount "83"]
[EventDate "2018.11.09"]
[EventType "team"]
[EventRounds "11"]
[EventCountry "SRB"]
[WhiteTeam "Š.K. BATA  COSIC-OPOVO"]
[BlackTeam "SOMBORSKI S.K.-SOMBOR"]

1. d4 d5 2. c4 e6 3. Nf3 Nf6 4. Nc3 c5 5. e3 a6 6. cxd5 exd5 7. Be2 Nc6 8. O-O
cxd4 9. Nxd4 Qc7 10. Bf3 Bd6 11. h3 O-O 12. Nxd5 Nxd5 13. Bxd5 Rd8 14. e4 Nxd4
15. Qxd4 Be6 16. Bg5 Rd7 17. Rac1 Qa5 18. Bd2 Qd8 19. Bc3 Bf8 20. Rfd1 Bxd5 21.
exd5 Qg5 22. Rc2 Re8 23. Rcd2 Qf5 24. Qg4 Qxg4 25. hxg4 Bc5 26. Kf1 f6 27. Rd3
Kf7 28. f3 Re3 29. Rxe3 Bxe3 30. a4 Bc5 31. Ke2 b5 32. axb5 axb5 33. Rd3 Bd6
34. Kd1 Rc7 35. Bd4 h6 36. Be3 Ke7 37. Rb3 Rb7 38. Kc2 b4 39. Rd3 Kf7 40. Kb3
Kg6 41. Bd2 f5 42. Re3  1-0

[Event "DRUGA LIGA SRBIJE-GRUPA VOJVODINA 2018"]
[Site "Novi Sad"]
[Date "2018.11.13"]
[Round "7"]
[Board "5"]
[White "Dekic, Josip"]
[Black "Vlajkovic, Goran"]
[Result "1/2-1/2"]
[WhiteElo "2260"]
[BlackElo "2158"]
[PlyCount "27"]
[EventDate "2018.11.09"]
[EventType "team"]
[EventRounds "11"]
[EventCountry "SRB"]
[WhiteTeam "SOMBORSKI S.K.-SOMBOR"]
[BlackTeam "Š.K. BATA  COSIC-OPOVO"]

1. e4 e5 2. Nf3 Nf6 3. Nxe5 d6 4. Nf3 Nxe4 5. Bd3 Nc5 6. Be2 d5 7. d4 Ne4 8.
O-O Bd6 9. c4 c6 10. Nc3 O-O 11. h3 Nxc3 12. bxc3 Bf5 13. Bd3 Bxd3 14. Qxd3
 1/2-1/2

[Event "DRUGA LIGA SRBIJE-GRUPA VOJVODINA 2018"]
[Site "Novi Sad"]
[Date "2018.11.13"]
[Round "7"]
[Board "6"]
[White "Joksimovic, Dragoljub"]
[Black "Tokovic, Svetozar"]
[Result "0-1"]
[WhiteElo "2145"]
[BlackElo "2238"]
[PlyCount "74"]
[EventDate "2018.11.09"]
[EventType "team"]
[EventRounds "11"]
[EventCountry "SRB"]
[WhiteTeam "Š.K. BATA  COSIC-OPOVO"]
[BlackTeam "SOMBORSKI S.K.-SOMBOR"]

1. c4 Nf6 2. g3 c6 3. Bg2 d5 4. d4 e6 5. Nc3 Nbd7 6. Nf3 Be7 7. O-O O-O 8. a4
b6 9. Qc2 a5 10. Rd1 Ba6 11. Ne5 Nxe5 12. dxe5 Nd7 13. cxd5 cxd5 14. e4 d4 15.
Rxd4 Qc7 16. Bf4 g5 17. Be3 Nxe5 18. Qd1 Bc5 19. Bxg5 Bxd4 20. Qxd4 Qc5 21. Qd1
Nf3+ 22. Qxf3 Qxg5 23. h4 Qe5 24. Qe3 Qc5 25. Qf4 Rad8 26. e5 f5 27. Re1 Rd7
28. Qh6 Bc4 29. Nb5 Ba2 30. Nd6 Rg7 31. Bh3 Rxg3+ 32. Kh1 Bd5+ 33. Ne4 Bxe4+
34. Rxe4 Rxh3+ 35. Kg2 fxe4 36. Qxe6+ Kh8 37. Kxh3 Qxf2  0-1

[Event "DRUGA LIGA SRBIJE-GRUPA VOJVODINA 2018"]
[Site "Novi Sad"]
[Date "2018.11.13"]
[Round "7"]
[Board "1"]
[White "Pastar, Slaven"]
[Black "Blagojevic, Dragisa"]
[Result "0-1"]
[WhiteElo "2326"]
[BlackElo "2494"]
[PlyCount "56"]
[EventDate "2018.11.09"]
[EventType "team"]
[EventRounds "11"]
[EventCountry "SRB"]
[WhiteTeam "S.K. KRALJICA PTT-NOVI SAD"]
[BlackTeam "Š.K. MLADOST-NOVA PAZOVA"]

1. d4 d5 2. c4 e6 3. Nc3 c6 4. e4 Bb4 5. cxd5 exd5 6. e5 c5 7. a3 Bxc3+ 8. bxc3
Nc6 9. Nf3 Nge7 10. Be2 O-O 11. O-O Bg4 12. Rb1 b6 13. Bg5 h6 14. Bxe7 Qxe7 15.
a4 Rac8 16. h3 Bh5 17. Rb5 Rfd8 18. g4 Bg6 19. Qd2 Be4 20. Qe3 cxd4 21. cxd4 f6
22. Rd1 fxe5 23. dxe5 Nxe5 24. Nd4 Rf8 25. f4 Qh4 26. fxe5 Rc3 27. Rd3 Qe1+ 28.
Kh2 Rxd3  0-1

[Event "DRUGA LIGA SRBIJE-GRUPA VOJVODINA 2018"]
[Site "Novi Sad"]
[Date "2018.11.13"]
[Round "7"]
[Board "2"]
[White "Vlatkovic, Sinisa"]
[Black "Banovic, Ivan"]
[Result "1/2-1/2"]
[WhiteElo "2283"]
[BlackElo "2246"]
[PlyCount "245"]
[EventDate "2018.11.09"]
[EventType "team"]
[EventRounds "11"]
[EventCountry "SRB"]
[WhiteTeam "Š.K. MLADOST-NOVA PAZOVA"]
[BlackTeam "S.K. KRALJICA PTT-NOVI SAD"]

1. d4 Nf6 2. c4 g6 3. Nf3 Bg7 4. g3 O-O 5. Bg2 d6 6. O-O Nc6 7. Nc3 a6 8. h3
Bd7 9. e4 e5 10. dxe5 Nxe5 11. Nxe5 dxe5 12. Bg5 Be6 13. Qxd8 Rfxd8 14. Nd5
Bxd5 15. cxd5 h6 16. Be3 Bf8 17. Rac1 Rac8 18. Rc3 Kg7 19. Rfc1 Bd6 20. Bb6 Ne8
21. Bf1 Ra8 22. Be3 Nf6 23. f3 b6 24. h4 Ra7 25. a3 Nd7 26. Bh3 a5 27. a4 Nc5
28. b3 Rf8 29. g4 Na6 30. Bf1 Nc5 31. g5 hxg5 32. hxg5 Rh8 33. R1c2 Raa8 34.
Rh2 Rxh2 35. Kxh2 Rh8+ 36. Bh3 Re8 37. Kg2 Nb7 38. Rc6 Nd8 39. Rxd6 cxd6 40.
Bxb6 Nb7 41. Bd7 Re7 42. Bc6 f6 43. gxf6+ Kxf6 44. Kf2 Kg5 45. Ke3 Rf7 46. Kf2
Kh4 47. Bxb7 Rxb7 48. Bxa5 Rxb3 49. Bc7 Kg5 50. Bxd6 Kf4 51. Ke2 Re3+ 52. Kd2
Rxf3 53. Bc7 Kxe4 54. d6 Rf7 55. a5 Kd5 56. Ke3 g5 57. a6 Kc6 58. a7 Kb7 59. d7
Rxd7 60. Bxe5 Kxa7 61. Kf3 Rd5 62. Bg7 Rd6 63. Kg4 Rg6 64. Bd4+ Kb7 65. Be3 Kc6
66. Bxg5 Kd5 67. Kf4 Rb6 68. Kf5 Rb1 69. Kf4 Rf1+ 70. Ke3 Ke5 71. Bd8 Rc1 72.
Ba5 Rc4 73. Kd3 Re4 74. Bc3+ Kd5 75. Bd2 Rh4 76. Ke3 Rh2 77. Be1 Rh3+ 78. Kf4
Kd4 79. Bf2+ Kd3 80. Bb6 Ke2 81. Ba7 Ra3 82. Bb6 Ra4+ 83. Ke5 Kd3 84. Bc7 Ra8
85. Bb6 Rf8 86. Kd5 Rb8 87. Kc5 Ke4 88. Ba5 Rc8+ 89. Kd6 Rc1 90. Bb6 Rd1+ 91.
Kc6 Ke5 92. Bc7+ Ke6 93. Bf4 Rd4 94. Be3 Re4 95. Bf2 Re2 96. Bg1 Rc2+ 97. Kb5
Kd5 98. Kb4 Rc1 99. Bf2 Rb1+ 100. Kc3 Rh1 101. Bb6 Rh3+ 102. Kd2 Ke4 103. Bc5
Rd3+ 104. Kc2 Rd8 105. Bg1 Rg8 106. Ba7 Kd5 107. Kd2 Rg7 108. Bb6 Ke4 109. Kc3
Kd5 110. Kd2 Rg2+ 111. Ke3 Rg6 112. Ba7 Ra6 113. Bb8 Ra3+ 114. Kf4 Ra4+ 115.
Ke3 Ra3+ 116. Kf4 Rc3 117. Ba7 Rc7 118. Bb6 Rb7 119. Bd8 Rf7+ 120. Ke3 Rh7 121.
Kf4 Rh6 122. Bg5 Rh7 123. Bd8  1/2-1/2

[Event "DRUGA LIGA SRBIJE-GRUPA VOJVODINA 2018"]
[Site "Novi Sad"]
[Date "2018.11.13"]
[Round "7"]
[Board "3"]
[White "Desnica, Vladan"]
[Black "Grcic, Vukasin"]
[Result "1/2-1/2"]
[WhiteElo "2299"]
[BlackElo "2174"]
[PlyCount "97"]
[EventDate "2018.11.09"]
[EventType "team"]
[EventRounds "11"]
[EventCountry "SRB"]
[WhiteTeam "S.K. KRALJICA PTT-NOVI SAD"]
[BlackTeam "Š.K. MLADOST-NOVA PAZOVA"]

1. Nf3 d5 2. e3 g6 3. c4 Nf6 4. b3 Bg7 5. Bb2 O-O 6. cxd5 Nxd5 7. Bxg7 Kxg7 8.
Qc2 Nd7 9. Qb2+ Kg8 10. Bc4 N7b6 11. Be2 Bg4 12. a3 e6 13. h3 Bxf3 14. Bxf3 c6
15. O-O Qf6 16. Qxf6 Nxf6 17. d4 Rfe8 18. Nc3 Rad8 19. Rfd1 e5 20. dxe5 Rxd1+
21. Rxd1 Rxe5 22. Rd8+ Re8 23. Rxe8+ Nxe8 24. Kf1 Kf8 25. Ke2 Nd7 26. Kd2 Ke7
27. h4 Nd6 28. Be2 Nc5 29. Bd1 Nce4+ 30. Nxe4 Nxe4+ 31. Ke1 h6 32. Bc2 Nf6 33.
Ke2 Kd6 34. b4 g5 35. hxg5 hxg5 36. Bb3 Nd5 37. Kf3 Ke5 38. Kg4 Nf6+ 39. Kxg5
Ne4+ 40. Kh5 Nxf2 41. Bxf7 Ke4 42. g4 Nxg4 43. Kxg4 Kxe3 44. Kf5 Kd4 45. Ke6
Kc3 46. Kd6 Kb2 47. a4 Ka3 48. b5 Kxa4 49. bxc6  1/2-1/2

[Event "DRUGA LIGA SRBIJE-GRUPA VOJVODINA 2018"]
[Site "Novi Sad"]
[Date "2018.11.13"]
[Round "7"]
[Board "4"]
[White "Stamenkovic, Aleksandar"]
[Black "Matijevic, Radovan"]
[Result "0-1"]
[WhiteElo "2165"]
[BlackElo "2105"]
[PlyCount "60"]
[EventDate "2018.11.09"]
[EventType "team"]
[EventRounds "11"]
[EventCountry "SRB"]
[WhiteTeam "Š.K. MLADOST-NOVA PAZOVA"]
[BlackTeam "S.K. KRALJICA PTT-NOVI SAD"]

1. d4 d5 2. Nf3 Nf6 3. c4 e6 4. g3 Bb4+ 5. Bd2 Bxd2+ 6. Nbxd2 O-O 7. Bg2 b6 8.
O-O Bb7 9. Ne5 Nbd7 10. Ndf3 Nxe5 11. Nxe5 Nd7 12. Nd3 c5 13. cxd5 exd5 14.
dxc5 bxc5 15. Rc1 Qb6 16. b3 Rac8 17. Nb2 Rfd8 18. Rc2 Nf8 19. Qc1 Ne6 20. Na4
Qb4 21. Nb2 Ba6 22. Rd2 c4 23. Rxd5 cxb3 24. Rxd8+ Nxd8 25. Qb1 bxa2 26. Qxa2
Bxe2 27. Rb1 Qd2 28. Qa1 Rc2 29. Be4 Rc8 30. Nd1 Qe1+  0-1

[Event "DRUGA LIGA SRBIJE-GRUPA VOJVODINA 2018"]
[Site "Novi Sad"]
[Date "2018.11.13"]
[Round "7"]
[Board "5"]
[White "Djurnic, Strahinja"]
[Black "Cecaric, Milan"]
[Result "1/2-1/2"]
[WhiteElo "2072"]
[BlackElo "2042"]
[PlyCount "24"]
[EventDate "2018.11.09"]
[EventType "team"]
[EventRounds "11"]
[EventCountry "SRB"]
[WhiteTeam "S.K. KRALJICA PTT-NOVI SAD"]
[BlackTeam "Š.K. MLADOST-NOVA PAZOVA"]

1. e4 g6 2. d4 Bg7 3. Nc3 d6 4. Be3 Nf6 5. f3 O-O 6. Qd2 Nc6 7. d5 Ne5 8. O-O-O
c5 9. g4 a6 10. Bh6 b5 11. Bxg7 Kxg7 12. g5 Nh5  1/2-1/2

[Event "DRUGA LIGA SRBIJE-GRUPA VOJVODINA 2018"]
[Site "Novi Sad"]
[Date "2018.11.13"]
[Round "7"]
[Board "6"]
[White "Gavric, Zivojin"]
[Black "Radanovic, Aleksandar"]
[Result "1/2-1/2"]
[WhiteElo "2125"]
[BlackElo "2147"]
[PlyCount "23"]
[EventDate "2018.11.09"]
[EventType "team"]
[EventRounds "11"]
[EventCountry "SRB"]
[WhiteTeam "Š.K. MLADOST-NOVA PAZOVA"]
[BlackTeam "S.K. KRALJICA PTT-NOVI SAD"]

1. e4 e5 2. Nf3 d6 3. Bc4 Be7 4. h3 Nf6 5. Qe2 c6 6. O-O O-O 7. d3 Nbd7 8. Nbd2
Re8 9. Re1 Bf8 10. Nf1 d5 11. Bb3 h6 12. Ng3  1/2-1/2

[Event "DRUGA LIGA SRBIJE-GRUPA VOJVODINA 2018"]
[Site "Novi Sad"]
[Date "2018.11.14"]
[Round "8"]
[Board "1"]
[White "Milojevic, Dusan"]
[Black "Pastar, Slaven"]
[Result "1/2-1/2"]
[WhiteElo "2287"]
[BlackElo "2326"]
[PlyCount "23"]
[EventDate "2018.11.09"]
[EventType "team"]
[EventRounds "11"]
[EventCountry "SRB"]
[WhiteTeam "Š.K. BATA  COSIC-OPOVO"]
[BlackTeam "S.K. KRALJICA PTT-NOVI SAD"]

1. d4 b6 2. Nf3 Bb7 3. Bg5 Nf6 4. Nbd2 e6 5. e4 Be7 6. Bd3 d5 7. e5 Nfd7 8.
Bxe7 Qxe7 9. Qe2 c5 10. c3 a5 11. O-O-O Ba6 12. c4  1/2-1/2

[Event "DRUGA LIGA SRBIJE-GRUPA VOJVODINA 2018"]
[Site "Novi Sad"]
[Date "2018.11.14"]
[Round "8"]
[Board "1"]
[White "Petakov, Uros"]
[Black "Czebe, Attila"]
[Result "0-1"]
[WhiteElo "2325"]
[BlackElo "2401"]
[PlyCount "62"]
[EventDate "2018.11.09"]
[EventType "team"]
[EventRounds "11"]
[EventCountry "SRB"]
[WhiteTeam "S.K. STARA PAZOVA-STARA PAZOVA"]
[BlackTeam "SOMBORSKI S.K.-SOMBOR"]

1. d4 Nf6 2. Nf3 c5 3. e3 d5 4. Be2 Nc6 5. O-O e6 6. b3 Bd6 7. Bb2 O-O 8. c4
cxd4 9. exd4 b6 10. Nc3 dxc4 11. bxc4 Bb7 12. Qa4 a6 13. Rfd1 Qe7 14. Qb3 Na5
15. Qxb6 Nxc4 16. Qb3 Nxb2 17. Qxb2 Rfc8 18. Na4 Rab8 19. Qd2 Nd5 20. Bf1 Bf4
21. Qa5 Nb4 22. Qh5 Be4 23. Nc5 Bf5 24. Nxa6 Nxa6 25. Bxa6 Rc2 26. Ne1 Rc3 27.
Bd3 Rb2 28. Bxf5 exf5 29. Qxf5 Bxh2+ 30. Kxh2 Qh4+ 31. Kg1 g6  0-1

[Event "DRUGA LIGA SRBIJE-GRUPA VOJVODINA 2018"]
[Site "Novi Sad"]
[Date "2018.11.14"]
[Round "8"]
[Board "2"]
[White "Gajcin, Marina"]
[Black "Vujadinovic, Goran"]
[Result "1/2-1/2"]
[WhiteElo "2161"]
[BlackElo "2318"]
[PlyCount "40"]
[EventDate "2018.11.09"]
[EventType "team"]
[EventRounds "11"]
[EventCountry "SRB"]
[WhiteTeam "SOMBORSKI S.K.-SOMBOR"]
[BlackTeam "S.K. STARA PAZOVA-STARA PAZOVA"]

1. e4 d6 2. d4 Nc6 3. Nf3 Nf6 4. Nc3 Bg4 5. Be3 e6 6. h3 Bh5 7. d5 exd5 8. exd5
Ne5 9. g4 Nxf3+ 10. Qxf3 Bg6 11. Bb5+ Nd7 12. O-O-O Be7 13. h4 h5 14. Rde1 Kf8
15. g5 Ne5 16. Qg3 c6 17. dxc6 bxc6 18. Be2 Qc8 19. Bd4 Qf5 20. Bd1 Bd8  1/2-1/2

[Event "DRUGA LIGA SRBIJE-GRUPA VOJVODINA 2018"]
[Site "Novi Sad"]
[Date "2018.11.14"]
[Round "8"]
[Board "3"]
[White "Stanojevic, Branko"]
[Black "Bulajic, Ratko"]
[Result "0-1"]
[WhiteElo "2180"]
[BlackElo "2316"]
[PlyCount "36"]
[EventDate "2018.11.09"]
[EventType "team"]
[EventRounds "11"]
[EventCountry "SRB"]
[WhiteTeam "S.K. STARA PAZOVA-STARA PAZOVA"]
[BlackTeam "SOMBORSKI S.K.-SOMBOR"]

1. Nf3 d6 2. g3 g6 3. Bg2 Bg7 4. d4 Nf6 5. O-O O-O 6. b3 Nbd7 7. Bb2 e5 8. dxe5
Ng4 9. c4 dxe5 10. h3 Nh6 11. Qd2 Nf5 12. Nc3 Re8 13. Ne4 Qe7 14. Rad1 Nc5 15.
Nxc5 Qxc5 16. e4 Nxg3 17. b4 Nxf1 18. Bxf1 Qe7  0-1

[Event "DRUGA LIGA SRBIJE-GRUPA VOJVODINA 2018"]
[Site "Novi Sad"]
[Date "2018.11.14"]
[Round "8"]
[Board "4"]
[White "Tancik, Kristijan"]
[Black "Mijatovic, Dejan"]
[Result "1-0"]
[WhiteElo "2223"]
[BlackElo "2255"]
[PlyCount "63"]
[EventDate "2018.11.09"]
[EventType "team"]
[EventRounds "11"]
[EventCountry "SRB"]
[WhiteTeam "SOMBORSKI S.K.-SOMBOR"]
[BlackTeam "S.K. STARA PAZOVA-STARA PAZOVA"]

1. d4 d5 2. c4 c6 3. Nf3 Nf6 4. Nc3 e6 5. Bg5 Nbd7 6. e3 Qa5 7. cxd5 exd5 8.
Nd2 Be7 9. Bd3 Nf8 10. O-O Ne6 11. Bh4 g6 12. Re1 Qd8 13. Rb1 O-O 14. b4 a6 15.
a4 b5 16. Nf3 Bb7 17. Qc2 Re8 18. h3 Nd7 19. Bxe7 Rxe7 20. a5 Qf8 21. e4 dxe4
22. Nxe4 Nf4 23. Ne5 Nxd3 24. Qxd3 Qg7 25. Nd6 Nxe5 26. dxe5 Rd8 27. f4 Ba8 28.
Rbd1 Bb7 29. Qc2 Qf8 30. Nxb7 Rxb7 31. Qxc6 Rbb8 32. Rd6  1-0

[Event "DRUGA LIGA SRBIJE-GRUPA VOJVODINA 2018"]
[Site "Novi Sad"]
[Date "2018.11.14"]
[Round "8"]
[Board "5"]
[White "Kovacevic, Djordje"]
[Black "Tokovic, Svetozar"]
[Result "1/2-1/2"]
[WhiteElo "2090"]
[BlackElo "2238"]
[PlyCount "68"]
[EventDate "2018.11.09"]
[EventType "team"]
[EventRounds "11"]
[EventCountry "SRB"]
[WhiteTeam "S.K. STARA PAZOVA-STARA PAZOVA"]
[BlackTeam "SOMBORSKI S.K.-SOMBOR"]

1. d4 Nf6 2. Nf3 e6 3. Bf4 b6 4. e3 Bb7 5. Bd3 c5 6. Nbd2 Be7 7. h3 Nc6 8. c3
d5 9. Ne5 a6 10. Qe2 Nxe5 11. Bxe5 Bd6 12. f4 O-O 13. O-O Ne4 14. Bxe4 dxe4 15.
Qg4 g6 16. Bxd6 Qxd6 17. Nc4 Qc7 18. Ne5 Rad8 19. Qh4 f6 20. Ng4 Qe7 21. Rad1
h5 22. Nf2 Kg7 23. Kh2 cxd4 24. cxd4 Rc8 25. Rc1 Rc7 26. g4 Rh8 27. gxh5 Rxh5
28. Qg3 Rxc1 29. Rxc1 f5 30. Rg1 Qf6 31. Rc1 Qe7 32. Rg1 Qf6 33. Rc1 Qe7 34.
Rg1 Qf6  1/2-1/2

[Event "DRUGA LIGA SRBIJE-GRUPA VOJVODINA 2018"]
[Site "Novi Sad"]
[Date "2018.11.14"]
[Round "8"]
[Board "6"]
[White "Roganovic, Nebojsa"]
[Black "Skoko, Milan"]
[Result "1/2-1/2"]
[WhiteElo "2141"]
[BlackElo "2164"]
[PlyCount "69"]
[EventDate "2018.11.09"]
[EventType "team"]
[EventRounds "11"]
[EventCountry "SRB"]
[WhiteTeam "SOMBORSKI S.K.-SOMBOR"]
[BlackTeam "S.K. STARA PAZOVA-STARA PAZOVA"]

1. e4 c5 2. Nf3 Nc6 3. d4 cxd4 4. Nxd4 Nf6 5. Nc3 e6 6. Ndb5 Bb4 7. a3 Bxc3+ 8.
Nxc3 d5 9. exd5 Nxd5 10. Nxd5 Qxd5 11. Qxd5 exd5 12. Be3 O-O 13. c3 Be6 14. Be2
Rad8 15. Rd1 Rd7 16. O-O Rfd8 17. Bf3 b6 18. Bg5 f6 19. Rfe1 Kf7 20. Bf4 b5 21.
Rd2 Na5 22. Rde2 Bf5 23. g4 Bd3 24. Re3 Bc4 25. g5 f5 26. g6+ hxg6 27. Bg5 Rf8
28. Re7+ Rxe7 29. Rxe7+ Kg8 30. Re5 a6 31. b4 Nb3 32. Rxd5 Kh7 33. Rd7 a5 34.
Kg2 axb4 35. axb4  1/2-1/2

[Event "DRUGA LIGA SRBIJE-GRUPA VOJVODINA 2018"]
[Site "Novi Sad"]
[Date "2018.11.14"]
[Round "8"]
[Board "1"]
[White "Jotic, Vladimir"]
[Black "Babic, Dusan S"]
[Result "1-0"]
[WhiteElo "2369"]
[BlackElo "1830"]
[PlyCount "69"]
[EventDate "2018.11.09"]
[EventType "team"]
[EventRounds "11"]
[EventCountry "SRB"]
[WhiteTeam "S.K. POLET- RASTINA"]
[BlackTeam "S.K. BUDUCNOST-SRPSKA CRNJA"]

1. g3 Nf6 2. Bg2 d5 3. Nf3 c6 4. O-O Bf5 5. c4 e6 6. cxd5 exd5 7. d3 Be7 8. Nc3
Nbd7 9. Nd4 Bg6 10. e4 dxe4 11. dxe4 h6 12. f4 Nb6 13. e5 Nfd5 14. f5 Bh7 15.
Ne4 Nc4 16. f6 gxf6 17. exf6 Nxf6 18. Nxf6+ Bxf6 19. Qe2+ Ne5 20. Rxf6 Qxf6 21.
Bf4 O-O 22. Bxe5 Qg6 23. Qf2 Rfe8 24. Re1 f6 25. Be4 Qg7 26. Bxf6 Qf7 27. Bxh7+
Kxh7 28. Qf5+ Qg6 29. Qd7+ Kg8 30. Rf1 Rf8 31. Rf4 h5 32. Qe6+ Kh7 33. Nf3 Rae8
34. Qd7+ Kh6 35. Bg5+  1-0

[Event "DRUGA LIGA SRBIJE-GRUPA VOJVODINA 2018"]
[Site "Novi Sad"]
[Date "2018.11.14"]
[Round "8"]
[Board "2"]
[White "Obodchuk, Andrei"]
[Black "Popovic, Milos T"]
[Result "1/2-1/2"]
[WhiteElo "2319"]
[BlackElo "2375"]
[PlyCount "25"]
[EventDate "2018.11.09"]
[EventType "team"]
[EventRounds "11"]
[EventCountry "SRB"]
[WhiteTeam "S.K. BUDUCNOST-SRPSKA CRNJA"]
[BlackTeam "S.K. POLET- RASTINA"]

1. e4 c5 2. Nf3 Nc6 3. Bb5 e5 4. O-O Nge7 5. c3 g6 6. d4 cxd4 7. cxd4 exd4 8.
Nxd4 Bg7 9. Nf3 d5 10. exd5 Qxd5 11. Qxd5 Nxd5 12. Re1+ Be6 13. Na3  1/2-1/2

[Event "DRUGA LIGA SRBIJE-GRUPA VOJVODINA 2018"]
[Site "Novi Sad"]
[Date "2018.11.14"]
[Round "8"]
[Board "3"]
[White "Miranovic, Rajko"]
[Black "Nadj Hedjesi, Balind"]
[Result "1/2-1/2"]
[WhiteElo "2358"]
[BlackElo "2276"]
[PlyCount "42"]
[EventDate "2018.11.09"]
[EventType "team"]
[EventRounds "11"]
[EventCountry "SRB"]
[WhiteTeam "S.K. POLET- RASTINA"]
[BlackTeam "S.K. BUDUCNOST-SRPSKA CRNJA"]

1. e4 d6 2. d4 a6 3. Nf3 Nf6 4. Bd3 g6 5. O-O Bg7 6. Re1 O-O 7. c3 Nc6 8. h3 e5
9. d5 Ne7 10. c4 Nh5 11. Nc3 Nf4 12. Bxf4 exf4 13. Qd2 g5 14. e5 dxe5 15. Nxe5
Qd6 16. Nf3 h6 17. Bc2 Ng6 18. Rad1 Qb4 19. Bd3 Bd7 20. a3 Qb3 21. c5 Rfe8
 1/2-1/2

[Event "DRUGA LIGA SRBIJE-GRUPA VOJVODINA 2018"]
[Site "Novi Sad"]
[Date "2018.11.14"]
[Round "8"]
[Board "4"]
[White "Rikalovic, Dimitrije"]
[Black "Sljukic, Miodrag"]
[Result "1/2-1/2"]
[WhiteElo "2031"]
[BlackElo "2206"]
[PlyCount "35"]
[EventDate "2018.11.09"]
[EventType "team"]
[EventRounds "11"]
[EventCountry "SRB"]
[WhiteTeam "S.K. BUDUCNOST-SRPSKA CRNJA"]
[BlackTeam "S.K. POLET- RASTINA"]

1. d4 f5 2. c4 e6 3. Nc3 d5 4. Nf3 c6 5. cxd5 exd5 6. Bf4 Nf6 7. e3 Be7 8. Be2
O-O 9. O-O Ne4 10. h3 Nd7 11. Ne5 Nxe5 12. Bxe5 Be6 13. Rc1 Bd6 14. Bxd6 Qxd6
15. Bd3 Rae8 16. Qc2 Bc8 17. Nd1 f4 18. Bxe4  1/2-1/2

[Event "DRUGA LIGA SRBIJE-GRUPA VOJVODINA 2018"]
[Site "Novi Sad"]
[Date "2018.11.14"]
[Round "8"]
[Board "5"]
[White "Elez, Nikola"]
[Black "Santrac, Bozo"]
[Result "1-0"]
[WhiteElo "2120"]
[BlackElo "1968"]
[PlyCount "93"]
[EventDate "2018.11.09"]
[EventType "team"]
[EventRounds "11"]
[EventCountry "SRB"]
[WhiteTeam "S.K. POLET- RASTINA"]
[BlackTeam "S.K. BUDUCNOST-SRPSKA CRNJA"]

1. e4 e5 2. Nf3 d6 3. d4 f5 4. dxe5 fxe4 5. Ng5 d5 6. e6 Bc5 7. Nxe4 Be7 8. Ng5
Bxg5 9. Qh5+ g6 10. Qxg5 Qxg5 11. Bxg5 Bxe6 12. Bf4 Nd7 13. Bxc7 Ngf6 14. Nc3
Rc8 15. Bd6 Rc6 16. Ba3 a6 17. Bd3 Kf7 18. O-O Ne5 19. Rad1 Nc4 20. Bxc4 Rxc4
21. Rfe1 b5 22. Ne2 Re8 23. c3 a5 24. Bd6 Ne4 25. Be5 b4 26. f3 Nf6 27. cxb4
axb4 28. b3 Rc2 29. Nd4 Rxa2 30. Ra1 Rea8 31. Rxa2 Rxa2 32. Bxf6 Bc8 33. Be5
Ba6 34. Rc1 g5 35. Rc2 Ra1+ 36. Kf2 Bd3 37. Rc7+ Ke8 38. g4 Ra2+ 39. Ke3 Bf1
40. Bd6 Ra6 41. Bxb4 Rh6 42. Bc5 Ba6 43. b4 Kd8 44. Rg7 Bc8 45. Rxg5 Rxh2 46.
Rxd5+ Bd7 47. Rh5  1-0

[Event "DRUGA LIGA SRBIJE-GRUPA VOJVODINA 2018"]
[Site "Novi Sad"]
[Date "2018.11.14"]
[Round "8"]
[Board "6"]
[White "Kovacevic, Goran D"]
[Black "Ivancevic, Bozidar"]
[Result "1/2-1/2"]
[WhiteElo "2140"]
[BlackElo "2090"]
[PlyCount "56"]
[EventDate "2018.11.09"]
[EventType "team"]
[EventRounds "11"]
[EventCountry "SRB"]
[WhiteTeam "S.K. BUDUCNOST-SRPSKA CRNJA"]
[BlackTeam "S.K. POLET- RASTINA"]

1. d4 Nf6 2. c4 c5 3. Nf3 g6 4. g3 Bg7 5. Bg2 O-O 6. O-O d6 7. b3 Nc6 8. Bb2
Qc7 9. Na3 a6 10. Nc2 b6 11. d5 Na7 12. Re1 Bf5 13. Ne3 Be4 14. Bh3 Bxf3 15.
exf3 b5 16. Qd2 bxc4 17. bxc4 Rab8 18. Bc3 Rb7 19. Rab1 Rxb1 20. Rxb1 Rb8 21.
Rb2 Rb7 22. Rxb7 Qxb7 23. Qb2 Qxb2 24. Bxb2 Nxd5 25. Nxd5 Bxb2 26. Nxe7+ Kf8
27. Nc8 Nxc8 28. Bxc8 a5  1/2-1/2